What Men Live By /

Guardat en:
Dades bibliogràfiques
Autor principal: Tolstoi, León (autor)
Format: Llibre
Idioma:anglès
Publicat: Nueva York, EUA : Peter Pauper, 1923
Matèries:
Etiquetes: Afegir etiqueta
Sense etiquetes, Sigues el primer a etiquetar aquest registre!

MARC

LEADER 00000nam^a2200000^a^4500
001 000380269
005 20250526000000.0
009 20260310120554.779
037 |a Acervo ITESO - Biblioteca 
041 |a ING 
082 |a 891. 7  |b TOL 
100 |a Tolstoi, León  |e (autor) 
245 1 0 |a What Men Live By /  |c L. Tolstoi ; il. de Jeff Hill. 
264 1 |a Nueva York, EUA :  |b Peter Pauper,  |c 1923 
300 |a 58 p. ;  |c 19.0 cm. 
336 |a texto  |b txt  |2 rdacontenido 
337 |a sin mediación  |b n  |2 rdamedio 
338 |a volumen  |b nc  |2 rdasoporte 
545 0 |a León Tolstoi, escritor ruso nacido en 1828, es autor de una extensa y muy apreciada obra, en la que destacan las novelas Guerra y paz (1863-1869), narración ubicada en el período 1803-1813 de la historia de Rusia, y Ana Karenina (1873-1877), ficción sobre un adulterio consumado en el ámbito de la alta sociedad, que obtuvo un gran éxito en su momento. Tolstoi debutó con Infancia (1852), primera parte de una trilogía completada con Adolescencia (1854) y Juventud (1857), que lo dio a conocer de inmediato como un escritor de gran talento; durante este mismo ciclo presentó los tres Relatos de Sebastopol (1855-1856), muestra de su capacidad como cuentista. Huérfano desde muy pequeño y criado por mujeres muy religiosas, Tolstoi enfrentó una crisis espiritual tras la publicación de sus dos grandes novelas e inició un período de obras de carácter moral y religioso, entre las que pueden citarse La muerte de Iván Ilich (1887-89), Sonata a Kreutzer (1889-90) y Resurrección (1889-1890), su última novela. Sin embargo, el escritor ruso mantuvo hasta su muerte, ocurrida en 1910, una actividad intelectual infatigable, reflejada principalmente en una serie de cuentos que, como el resto de la obra de Tolstoi, presentan una fuerza moral que les da significación universal. 
649 |a XX 
650 |a Angeles en la Literatura 
650 |a Parábolas 
650 |a Cuentos Rusos 
650 |a Religión y Literatura -  |z Rusia 
650 |a Literatura y Etica -  |z Rusia 
650 |a Filosofía y Literatura -  |z Rusia 
650 |a Literatura Rusa -  |y Siglo XIX 
910 |a Fondo General 
920 |a Impresos - Libros 
930 |a Libros Antiguos y Raros 
940 |a Literatura 
905 |a 108 
901 |a 0500274901  |b IT2  |c LRA  |i D72658  |u 20250526 
902 |a https://opac.biblio.iteso.mx/vufind/Record/000380269